000 00445pab a2200181 454500
008 180718b2007 xxu||||| |||| 00| 0 eng d
100 _aSwaminathan, Padmini
245 _aEleventh plan: towards inclusive growth
260 _c2007
300 _ap.11-13.
362 _aApr
650 _aEconomic growth - India
650 _aEconomic planning - India
650 _aEconomic planning
773 _aYojana
908 _aN
909 _a73629
999 _c73629
_d73629